[Event "Africa-ch (Women)"]
[Site "Giza"]
[Date "2023.05.09"]
[Round "5"]
[White "Abdi, Zineb Dina"]
[Black "Caxita, Esperanca"]
[Result "1/2-1/2"]
[WhiteElo "1855"]
[BlackElo "1899"]
[PlyCount "78"]
[EventDate "2023.05.06"]
[EventType "swiss"]
[EventRounds "9"]
[EventCountry "EGY"]
[SourceTitle "CBM 214 Extra"]
[Source "ChessBase"]
[SourceDate "2023.07.31"]
[SourceVersion "1"]
[SourceVersionDate "2023.07.31"]
[SourceQuality "1"]

1. e4 d5 2. exd5 Qxd5 3. Nc3 Qe5+ 4. Qe2 Qxe2+ 5. Bxe2 Nf6 6. Nf3 Bf5 7. Nd4 Bg6 8. Ncb5 Na6 9. Bf3 Be4 10. Bxe4 Nxe4 11. d3 Nf6 12. Be3 c6 13. Nc3 e6 14. 0-0 Bd6 15. Rfe1 Ng4 16. Nf3 Nxe3 17. fxe3 Bb4 18. Reb1 Bxc3 19. bxc3 0-0-0 20. Rb2 f6 21. Rab1 Rd7 22. d4 Re8 23. Kf2 Ree7 24. Nd2 Nc5 25. Ke2 Na4 26. Rb3 e5 27. Nf3 exd4 28. cxd4 Nb6 29. Kd3 Nd5 30. Re1 Nc7 31. c4 Na6 32. Kc2 Re4 33. g3 c5 34. Rd3 cxd4 35. exd4 Rde7 36. Rxe4 Rxe4 37. Kd2 Kd7 38. Rb3 b6 39. Kd3 Re7 1/2-1/2

[Event "Online Olym Div2 D"]
[Site "Chess.com INT"]
[Date "2021.09.02"]
[Round "2.4"]
[White "Terao, Juliana Sayumi"]
[Black "Caxita, Esperanca"]
[Result "1-0"]
[WhiteElo "2252"]
[BlackElo "1865"]
[PlyCount "93"]
[EventDate "2021.09.02"]
[EventType "team (rapid)"]
[EventRounds "9"]
[EventCountry "USA"]
[SourceTitle "CBM 204 Extra"]
[Source "ChessBase"]
[SourceDate "2021.11.30"]
[SourceVersion "1"]
[SourceVersionDate "2021.11.30"]
[SourceQuality "1"]
[WhiteTeam "Brazil"]
[BlackTeam "Angola"]
[WhiteTeamCountry "BRA"]
[BlackTeamCountry "ANG"]

1. e4 d5 2. exd5 Qxd5 3. Nc3 Qd6 4. d4 Nf6 5. Nf3 a6 6. g3 Bg4 7. h3 Bxf3 8. Qxf3 Nc6 9. Bg2 Nxd4 10. Qxb7 Nxc2+ 11. Kf1 Rd8 12. Rb1 e5 13. Bc6+ Nd7 14. Bg5 f6 15. Rd1 Nd4 16. Rxd4 exd4 17. Bf4 Qb4 18. Nd5 Qxb7 19. Bxb7 Bd6 20. Nxc7+ Ke7 21. Nd5+ Ke6 22. Nc7+ Bxc7 23. Bxc7 Rde8 24. Bxa6 Nc5 25. Bc4+ Kd7 26. Bf4 d3 27. b4 Ne6 28. Bxd3 Nxf4 29. Bb5+ Kc7 30. Bxe8 Rxe8 31. gxf4 Re4 32. a3 Rxf4 33. Kg2 Rc4 34. Rb1 Kb6 35. a4 Rc3 36. f3 Ra3 37. a5+ Kb5 38. Kg3 Rc3 39. Kg4 g6 40. Kf4 Rc4+ 41. Ke3 Rh4 42. Ra1 Ka6 43. Rb1 Kb5 44. Ra1 Ka6 45. b5+ Kxb5 46. a6 Kc6 47. a7 1-0

[Event "Online Olym Div3 B"]
[Site "Chess.com INT"]
[Date "2020.08.09"]
[Round "8.2"]
[White "Caxita, Esperanca"]
[Black "Antonova, Nadezhda"]
[Result "0-1"]
[WhiteElo "1882"]
[BlackElo "1877"]
[PlyCount "122"]
[EventDate "2020.08.07"]
[EventType "team-tourn (rapid)"]
[EventRounds "9"]
[EventCountry "USA"]
[SourceTitle "CBM 198"]
[Source "ChessBase"]
[SourceDate "2020.10.31"]
[SourceVersion "1"]
[SourceVersionDate "2020.10.31"]
[SourceQuality "1"]
[WhiteTeam "Angola"]
[BlackTeam "Tajikistan"]
[WhiteTeamCountry "ANG"]
[BlackTeamCountry "TJK"]

1. e4 c5 2. Nc3 Nc6 3. Nf3 e5 4. Bc4 Be7 5. d3 Nf6 6. 0-0 0-0 7. a3 d6 8. h3 h6 9. Ne2 d5 10. exd5 Nxd5 11. Bb5 Nd4 12. Nexd4 exd4 13. Re1 Bd6 14. Bc4 Nf4 15. Bxf4 Bxf4 16. Qe2 Bf5 17. Qe7 Qb6 18. b3 Bd6 19. Qh4 Rae8 20. Rad1 Bc7 21. Qh5 Qg6 22. Qxg6 Bxg6 23. Kf1 Ba5 24. Rxe8 Rxe8 25. Bd5 Re7 26. Nd2 Kf8 27. Ne4 b6 28. Nd2 f5 29. a4 Bh5 30. Nf3 Bf7 31. Bxf7 Kxf7 32. Nd2 Kf6 33. f3 Bxd2 34. Rxd2 f4 35. Kf2 g5 36. Rd1 a5 37. Rh1 Kf5 38. Rg1 h5 39. Rh1 Re3 40. Rh2 h4 41. Rh1 Ke5 42. Rc1 Kd5 43. Rd1 Kc6 44. Ra1 Re5 45. Rc1 b5 46. Ra1 Re7 47. Kf1 Rb7 48. Ke2 Re7+ 49. Kd2 Kb6 50. Ra2 Re3 51. Ra1 Re5 52. Ra2 c4 53. dxc4 bxc4 54. Ra1 c3+ 55. Kd1 Kc5 56. Rc1 Re3 57. Rb1 Kb4 58. Ra1 d3 59. cxd3 Rxd3+ 60. Kc1 Rd2 61. Rb1 Rxg2 0-1

[Event "Online Olym Div3 B"]
[Site "Chess.com INT"]
[Date "2020.08.08"]
[Round "4.4"]
[White "Caxita, Esperanca"]
[Black "Francis, Onkemetse"]
[Result "0-1"]
[WhiteElo "1882"]
[BlackElo "1781"]
[PlyCount "46"]
[EventDate "2020.08.07"]
[EventType "team-tourn (rapid)"]
[EventRounds "9"]
[EventCountry "USA"]
[SourceTitle "CBM 198"]
[Source "ChessBase"]
[SourceDate "2020.10.31"]
[SourceVersion "1"]
[SourceVersionDate "2020.10.31"]
[SourceQuality "1"]
[WhiteTeam "Angola"]
[BlackTeam "Botswana"]
[WhiteTeamCountry "ANG"]
[BlackTeamCountry "BOT"]

1. e4 d5 2. exd5 Qxd5 3. Nc3 Qd8 4. Nf3 Nf6 5. d4 Bg4 6. Be2 e6 7. 0-0 Be7 8. Be3 0-0 9. a3 c6 10. Ne5 Bxe2 11. Qxe2 Nbd7 12. Rad1 Nb6 13. Qf3 Nbd5 14. Bd2 Nxc3 15. Bxc3 Qd5 16. Qxd5 Nxd5 17. Bd2 Rfd8 18. c3 Bf6 19. Rfe1 Rac8 20. Ng4 Be7 21. Ne5 Nb6 22. Bc1 Rd5 23. Re4 Bf6 0-1

[Event "Online Olym Div3 B"]
[Site "Chess.com INT"]
[Date "2020.08.07"]
[Round "1.1"]
[White "Caxita, Esperanca"]
[Black "Arakhamia Grant, Ketevan"]
[Result "0-1"]
[WhiteElo "1882"]
[BlackElo "2380"]
[PlyCount "98"]
[EventDate "2020.08.07"]
[EventType "team-tourn (rapid)"]
[EventRounds "9"]
[EventCountry "USA"]
[SourceTitle "CBM 198"]
[Source "ChessBase"]
[SourceDate "2020.10.31"]
[SourceVersion "1"]
[SourceVersionDate "2020.10.31"]
[SourceQuality "1"]
[WhiteTeam "Angola"]
[BlackTeam "Scotland"]
[WhiteTeamCountry "ANG"]
[BlackTeamCountry "SCO"]

1. e4 c5 2. Nc3 e6 3. Nf3 Nc6 4. g3 Nf6 5. Bg2 d6 6. 0-0 a6 7. d4 cxd4 8. Nxd4 Bd7 9. Re1 Be7 10. a3 0-0 11. Be3 Qc7 12. Rc1 Ne5 13. Rb1 Rab8 14. Bg5 h6 15. Bf4 Nc4 16. Nde2 b5 17. Qd3 Rfd8 18. Red1 Bc6 19. a4 Ne5 20. Qd4 b4 21. Na2 a5 22. c3 Bxa4 23. b3 Bb5 24. Nac1 Ng6 25. Be3 Ng4 26. cxb4 Nxe3 27. Qxe3 axb4 28. Nd3 Ne5 29. Nxe5 dxe5 30. Rbc1 Rxd1+ 31. Rxd1 Bg5 32. f4 exf4 33. gxf4 Bxe2 34. Qxe2 Bxf4 35. h3 Rc8 36. Rf1 Be5 37. Qf3 Qa7+ 38. Kh1 Rc3 39. Qd1 Qc7 40. Bf3 Rc2 41. Bg2 Rb2 42. Qh5 Bf6 43. Qd1 Qg3 44. Qf3 Rxb3 45. Qxg3 Rxg3 46. Rb1 b3 47. Kh2 Be5 48. Kg1 b2 49. Kf2 Ra3 0-1

[Event "Africa-ch Blitz (Women)"]
[Site "Casablanca"]
[Date "2019.08.28"]
[Round "8.4"]
[White "Nassr, Lina"]
[Black "Caxita, Esperanca"]
[Result "1-0"]
[WhiteElo "1791"]
[BlackElo "1825"]
[PlyCount "125"]
[EventDate "2019.08.28"]
[EventType "swiss (blitz)"]
[EventRounds "9"]
[EventCountry "MAR"]
[SourceTitle "EXT 2024"]
[Source "ChessBase"]
[SourceDate "2023.10.10"]
[SourceVersion "1"]
[SourceVersionDate "2023.10.10"]
[SourceQuality "1"]

1. d4 Nf6 2. Nf3 e6 3. e3 c5 4. Bd3 d5 5. b3 Nc6 6. Bb2 Bd6 7. 0-0 0-0 8. a3 b6 9. Nbd2 Bb7 10. Ne5 Rc8 11. Qe2 Ne7 12. Rfd1 Nf5 13. c4 cxd4 14. exd4 dxc4 15. bxc4 Ne7 16. Ndf3 Ng6 17. Nxg6 hxg6 18. Rac1 Bf4 19. Rb1 Bd6 20. Ne5 Nh5 21. Qe3 Qh4 22. g3 Qe7 23. Be2 Nf6 24. Bf3 Bxf3 25. Qxf3 Bxe5 26. dxe5 Nd7 27. a4 Rfe8 28. Qe3 Rxc4 29. Ba3 Nc5 30. Qe2 Re4 31. Qc2 Rxe5 32. Rd2 Rc8 33. Rbd1 Qe8 34. Qb2 Rf5 35. Qb4 Kh7 36. Qh4+ Rh5 37. Qd4 Qc6 38. Bxc5 Rxc5 39. Qh4+ Rh5 40. Qe7 Rc7 41. Qf8 Qf3 42. Rd8 g5 43. Qg8+ Kg6 44. Qe8 Rc2 45. R8d2 Rxd2 46. Rxd2 Qf6 47. Qd7 Qa1+ 48. Rd1 Qc3 49. Qxa7 Qc2 50. Qd7 Qf5 51. Qd4 Qc5 52. Qd3+ f5 53. Qd8 Rh7 54. Qe8+ Kf6 55. Qd8+ Qe7 56. Qd4+ Kf7 57. Qxb6 Rh8 58. Qc6 Rd8 59. Rb1 Qd7 60. Rb7 Qxb7 61. Qxb7+ Kf6 62. a5 e5 63. a6 1-0

[Event "Africa-chT rapid (Women)"]
[Site "Casablanca"]
[Date "2019.08.27"]
[Round "9.6"]
[White "Wakuruwarewa, Colletta"]
[Black "Caxita, Esperanca"]
[Result "0-1"]
[WhiteElo "1616"]
[BlackElo "1831"]
[PlyCount "160"]
[EventDate "2019.08.26"]
[EventType "swiss (rapid)"]
[EventRounds "9"]
[EventCountry "MAR"]
[SourceTitle "EXT 2020"]
[Source "ChessBase"]
[SourceDate "2019.10.17"]
[SourceVersion "1"]
[SourceVersionDate "2019.10.17"]
[SourceQuality "1"]

1. e4 d5 2. exd5 Qxd5 3. Nc3 Qd6 4. Nf3 Nf6 5. d3 g6 6. Be2 Bg7 7. 0-0 0-0 8. h3 Nc6 9. Nb5 Qd8 10. Bf4 Nd5 11. Bc1 a6 12. Na3 Nf6 13. c3 Be6 14. Ng5 Qd7 15. Re1 Nd8 16. Nc2 h6 17. Nf3 Nc6 18. Be3 Nd5 19. Bd2 Rad8 20. d4 Bf5 21. Ne3 Nxe3 22. Bxe3 Kh7 23. Nh4 e5 24. dxe5 Nxe5 25. Qxd7 Bxd7 26. Rad1 Bc6 27. Bd4 Rfe8 28. Kf1 a5 29. Kg1 Bf6 30. Nf3 Nxf3+ 31. Bxf3 Bxf3 32. gxf3 Rxe1+ 33. Rxe1 Bxd4 34. cxd4 Rd7 35. d5 Kg7 36. Rc1 Kf6 37. f4 Ke7 38. Re1+ Kd6 39. Rd1 b6 40. Kg2 Kc5 41. Rc1+ Kxd5 42. Rd1+ Ke6 43. Rc1 c5 44. Rc3 Kf5 45. Kg3 Rd4 46. a3 c4 47. Re3 Rxf4 48. Re7 Rd4 49. Rxf7+ Ke6 50. Rb7 Rd6 51. Rh7 h5 52. Kf4 Kf6 53. Rc7 g5+ 54. Ke3 Rd3+ 55. Ke4 Rb3 56. Rc6+ Ke7 57. Rxc4 Rxb2 58. Rc7+ Kd6 59. Rg7 g4 60. Rg6+ Kc7 61. Rg7+ Kc6 62. Rg6+ Kb7 63. Rg7+ Ka6 64. hxg4 hxg4 65. Ke3 Rb3+ 66. Ke2 Rxa3 67. Rxg4 Rc3 68. f4 a4 69. f5 a3 70. f6 Rc6 71. Ra4+ Kb5 72. Rxa3 Rxf6 73. Kd2 Rc6 74. Rc3 Rxc3 75. Kxc3 Ka4 76. Kb2 Kb4 77. Kb1 Kb3 78. Ka1 b5 79. Kb1 b4 80. Ka1 Kc2 0-1

[Event "Africa-chT rapid"]
[Site "Casablanca"]
[Date "2019.08.24"]
[Round "5.4"]
[White "Caxita, Esperanca"]
[Black "Mwango, Lorita"]
[Result "1-0"]
[WhiteElo "1803"]
[BlackElo "1947"]
[PlyCount "120"]
[EventDate "2019.08.24"]
[EventType "team-swiss (rapid)"]
[EventRounds "9"]
[EventCountry "MAR"]
[SourceTitle "EXT 2020"]
[Source "ChessBase"]
[SourceDate "2019.10.17"]
[SourceVersion "1"]
[SourceVersionDate "2019.10.17"]
[SourceQuality "1"]
[WhiteTeam "Angola"]
[BlackTeam "Zambia"]
[WhiteTeamCountry "ANG"]
[BlackTeamCountry "ZAM"]

1. e4 c6 2. d4 d5 3. exd5 cxd5 4. Bd3 Nf6 5. Nf3 Bg4 6. c3 Nbd7 7. Nbd2 e6 8. Qb3 Qb6 9. Qc2 Rc8 10. 0-0 Be7 11. Re1 0-0 12. h3 Bh5 13. Ne5 Bg6 14. Ndf3 Nxe5 15. Nxe5 Bxd3 16. Qxd3 Ne4 17. Nd7 Qc7 18. Nxf8 Bxf8 19. f3 Qg3 20. Be3 Nf6 21. Bf2 Qg5 22. Re5 Qg6 23. Qxg6 hxg6 24. Re2 Bd6 25. g3 Rc6 26. Kg2 Nd7 27. Rc1 Nb6 28. b3 Kf8 29. Rcc2 Be7 30. g4 Bf6 31. Bg3 g5 32. Be5 Bxe5 33. Rxe5 f6 34. Re1 Kf7 35. Kg3 a6 36. f4 gxf4+ 37. Kxf4 Rd6 38. g5 Nd7 39. h4 g6 40. gxf6 Kxf6 41. Rf1 e5+ 42. dxe5+ Nxe5 43. Re2 Re6 44. Kg3+ Ke7 45. Rd1 Nd7 46. Rxe6+ Kxe6 47. Kf4 Nf6 48. Rd3 Ne4 49. Re3 Kf6 50. c4 g5+ 51. hxg5+ Nxg5 52. cxd5 Nf7 53. Re6+ Kg7 54. Kf5 Kf8 55. Rf6 Ke7 56. Rxf7+ Kxf7 57. Ke5 Ke7 58. b4 Kd7 59. d6 Kd8 60. Kd5 Kd7 1-0

[Event "Africa-chT rapid"]
[Site "Casablanca"]
[Date "2019.08.24"]
[Round "4.6"]
[White "Tjaronda, Nicola"]
[Black "Caxita, Esperanca"]
[Result "0-1"]
[WhiteElo "1545"]
[BlackElo "1803"]
[PlyCount "80"]
[EventDate "2019.08.24"]
[EventType "team-swiss (rapid)"]
[EventRounds "9"]
[EventCountry "MAR"]
[SourceTitle "EXT 2020"]
[Source "ChessBase"]
[SourceDate "2019.10.17"]
[SourceVersion "1"]
[SourceVersionDate "2019.10.17"]
[SourceQuality "1"]
[WhiteTeam "Namibia"]
[BlackTeam "Angola"]
[WhiteTeamCountry "NAM"]
[BlackTeamCountry "ANG"]

1. c4 Nf6 2. g3 d5 3. Bg2 c6 4. cxd5 cxd5 5. d4 Nc6 6. Nc3 e6 7. Bg5 Be7 8. Nf3 a6 9. 0-0 0-0 10. a3 h6 11. Bf4 Re8 12. Ne5 Nxe5 13. Bxe5 Nd7 14. Bf4 Bf6 15. Bd6 Qb6 16. Be5 Nxe5 17. dxe5 Bxe5 18. Qc2 Bd7 19. Na4 Qc6 20. Qxc6 Bxc6 21. Nc3 Rac8 22. Rac1 Bxc3 23. Rxc3 Bb5 24. Rxc8 Rxc8 25. Bf3 Rc2 26. Rb1 Bxe2 27. Bxe2 Rxe2 28. Kf1 Rc2 29. b4 b5 30. Rb3 Kf8 31. Kg2 d4 32. Kf3 f5 33. Rd3 e5 34. Kg2 Rc3 35. Rf3 Rxf3 36. Kxf3 Ke7 37. Ke2 Ke6 38. f3 Kd5 39. Kd3 e4+ 40. fxe4+ fxe4+ 0-1

[Event "Antananarivo zt 4.3 (Women)"]
[Site "Antananarivo"]
[Date "2019.05.01"]
[Round "5"]
[White "Razafindrabe, Bakoly"]
[Black "Caxita, Esperanca"]
[Result "0-1"]
[WhiteElo "1170"]
[BlackElo "1794"]
[PlyCount "44"]
[EventDate "2019.04.27"]
[EventType "tourn"]
[EventRounds "9"]
[EventCountry "MAD"]
[SourceTitle "EXT 2020"]
[Source "ChessBase"]
[SourceDate "2019.10.17"]
[SourceVersion "1"]
[SourceVersionDate "2019.10.17"]
[SourceQuality "1"]

1. e4 d5 2. exd5 Qxd5 3. Nc3 Qd6 4. Nf3 Nf6 5. h3 c6 6. Be2 Bf5 7. d3 Nbd7 8. Bd2 e6 9. a3 Be7 10. b3 Nb6 11. Be3 Nbd5 12. Nxd5 Nxd5 13. Qd2 Bf6 14. d4 Nxe3 15. fxe3 Qg3+ 16. Kf1 Be4 17. Qe1 Qxe1+ 18. Nxe1 Bg5 19. Bd3 Bxd3+ 20. Nxd3 Bxe3 21. Nc5 Bxd4 22. Rd1 Bxc5 0-1

[Event "Olympiad Women-43"]
[Site "Batumi"]
[Date "2018.09.28"]
[Round "5.50"]
[White "Lubuuto, Bwalya Mulwale"]
[Black "Caxita, Esperanca"]
[Result "0-1"]
[WhiteElo "1607"]
[BlackElo "1803"]
[PlyCount "102"]
[EventDate "2018.09.24"]
[EventType "team-swiss"]
[EventRounds "11"]
[EventCountry "GEO"]
[SourceTitle "EXT 2020"]
[Source "ChessBase"]
[SourceDate "2019.10.17"]
[SourceVersion "1"]
[SourceVersionDate "2019.10.17"]
[SourceQuality "1"]
[WhiteTeam "Zambia (W)"]
[BlackTeam "Angola (W)"]
[WhiteTeamCountry "ZAM"]
[BlackTeamCountry "ANG"]

1. d4 d5 2. Nf3 Nf6 3. Bf4 e6 4. e3 c5 5. c3 Nc6 6. Be2 Bd6 7. Bg3 Ne4 8. Bh4 Qb6 9. Qc2 cxd4 10. exd4 Bd7 11. Nbd2 f5 12. Ng5 Rc8 13. Ngxe4 dxe4 14. Qb3 h6 15. Qxb6 axb6 16. Nc4 Bc7 17. f3 b5 18. Na3 exf3 19. Bxf3 b4 20. Nb5 Bb8 21. c4 Na5 22. b3 Bxb5 23. cxb5 Ba7 24. Bf2 Ke7 25. 0-0 Rhd8 26. Rfd1 Rc2 27. Kf1 Rxf2+ 28. Kxf2 Bxd4+ 29. Rxd4 Rxd4 30. Ke3 e5 31. Rc1 f4+ 32. Ke2 e4 33. Bg4 Rd5 34. Rc7+ Kf6 35. b6 Rb5 36. Rc8 g5 37. Rf8+ Kg6 38. Rg8+ Kf7 39. Rh8 Rxb6 40. Bh5+ Kg7 41. Re8 e3 42. g3 Rd6 43. Ke1 Nc6 44. gxf4 gxf4 45. Re4 Rd4 46. Re6 Rd2 47. Re4 Rxh2 48. Be8 Nd4 49. Rxd4 f3 50. Kd1 Rh1+ 51. Kc2 e2 0-1